عرض عادي
عرض مارك
- Truman, Harry S.,
دخول Personal Name
001 - CONTROL NUMBER
- control field: 20451
003 - CONTROL NUMBER IDENTIFIER
- control field: AE-AdECS
005 - DATE AND TIME OF LATEST TRANSACTION
- control field: 20250924093042.0
008 - FIXED-LENGTH DATA ELEMENTS
- fixed length control field: 250924|| aca||aabn | a|a d
040 ## - CATALOGING SOURCE
- Original cataloging agency: AE-AdECS
- Transcribing agency: AE-AdECS
100 ## - HEADING--PERSONAL NAME
- Personal name: Truman, Harry S.,
- Dates associated with a name: 1884-1972
670 ## - SOURCE DATA FOUND
- Source citation: Work cat.: (AE-AdECS)292166: McCoy, Donald R. author 20450, Quest and response :, 2020
